01103nam a2200193Ia 4500001001100000003001000011008004100021040002500062041001300087100001900100245002900119250001100148260009200159300001200251500025600263501011400519520025600633650002000889L253-27927IT-CnALBA170116s9999||||xx |||||||||||||| ||und|| aIT-CnALBAcIT-CnALBA aITALIANO aGUERRIERO ELIO 0aHANS URS VON BALTHASAR.  a1a ed. aCINISELLO BALSAMO (MI)bEDIZIONI PAOLINEc1991 [1° Ed.:1991 - Ed.Ling.Originale: 1991] a432 p.  aI GENITORI DI VON BALTHASAR. VOCAZIONE SACERDOTALE. I PADRI DELLA CHIESA: IRENEO, ORIGENE, GREGORIO NISSENO, DIONIGI, MASSIMO. PLATONISMO. BASILEA. ADRIENNE VON SPEYR. SANTITÀ E TEOLOGIA. FORMA DEL CRISTIANO. LA TRILOGIA DELL'AMORE. TRA GLI ELVEZI.  aSocietà San Paolo EM - Piazza San Paolo, 14 - 12051 ALBA (CN) (non commercial uses only) ® Copyright 2017 aI GENITORI DI VON BALTHASAR. VOCAZIONE SACERDOTALE. I PADRI DELLA CHIESA: IRENEO, ORIGENE, GREGORIO NISSENO, DIONIGI, MASSIMO. PLATONISMO. BASILEA. ADRIENNE VON SPEYR. SANTITÀ E TEOLOGIA. FORMA DEL CRISTIANO. LA TRILOGIA DELL'AMORE. TRA GLI ELVEZI.  aMODELLI DI VITA